[Event "Munich op-A 2nd"]
[Site "Munich"]
[Date "2024.05.30"]
[Round "6"]
[White "Vinter Schou, Uffe"]
[Black "Wagner, Julian"]
[Result "0-1"]
[WhiteElo "2340"]
[BlackElo "2109"]
[PlyCount "80"]
[EventDate "2024.05.26"]
[EventType "swiss"]
[EventRounds "9"]
[EventCountry "GER"]
[SourceTitle "CBM 220 Extra"]
[Source "ChessBase"]
[SourceDate "2024.07.31"]
[SourceVersion "1"]
[SourceVersionDate "2024.07.31"]
[SourceQuality "1"]

1. e4 c6 2. d4 d5 3. e5 Bf5 4. Nd2 e6 5. Nb3 Nd7 6. Nf3 h6 7. Be2 Ne7 8. 0-0 Bh7 9. a4 Rc8 10. a5 a6 11. Bd2 c5 12. dxc5 Nxc5 13. Nbd4 Nd7 14. Re1 g5 15. h3 Bg7 16. Bb4 Ng6 17. Bd3 Bf8 18. Qd2 Bxb4 19. Qxb4 Nc5 20. Bf1 0-0 21. Ra3 Rc7 22. Qd2 Qe7 23. Qd1 Rfc8 24. Nh2 Nd7 25. Rae3 Qb4 26. c4 dxc4 27. Qh5 c3 28. bxc3 Rxc3 29. Re4 Nf4 30. Qxh6 Bxe4 31. Rxe4 Qb1 32. Qxg5+ Ng6 33. f3 Qc1 34. Qh5 Re3 35. Rg4 Ndxe5 36. Nxe6 Nxg4 37. Ng5 Nf6 38. Qh6 Re1 39. h4 Qe3+ 40. Kh1 Rcc1 0-1